00962nam a22002537a 45000010005000000030006000050050017000110080041000280200018000690400029000870500014001160820014001301000024001442450098001682500056002662600039003223000044003615050008004055200194004135210021006075210020006286500026006487000034006744886FISKH20241023083712.0241023b cb ||||| |||| 00| 0 eng d a9780590486705 aFISKHbengcFISKHdFISKH aDA565.F67 a941.08092 aMyers, Walter Dean  aAt Her Majesty's Request : bAn American Princess In Vitorian England /cby Walter Dean Myers aFirst Scholastic paperback printing, September 1999 aNew York : bScholastic ;c1999 .  a146 pages : billustrations ;c20 cm .  aZ  aBiography of the African princess saved from execution and taken to England where Queen Victoria oversaw her upbringing and where she lived for a time before marrying an African missionary.8 a1070 bLexile 8 aZ bRaz-Plus  aslavery vnon-fiction aSaylor, DavideBook designer